ბათუმის შოთა რუსთაველის სახელმწიფო უნივერსიტეტის ბიბლიოთეკა

Антверпен. Гент. Брюгге : (ბიბ.ჩანაწერი № 60972)

000 -LEADER
fixed length control field 00730nam a22001817a 4500
005 - DATE AND TIME OF LATEST TRANSACTION
control field 20231130154927.0
008 - FIXED-LENGTH DATA ELEMENTS--GENERAL INFORMATION
fixed length control field 231130s1974 ru ||||| |||| 00| 0 rus d
041 ## - LANGUAGE CODE
Language code of text/sound track or separate title rus
080 ## - UNIVERSAL DECIMAL CLASSIFICATION NUMBER
Universal Decimal Classification number 72.03(493) Г-38
100 ## - MAIN ENTRY--PERSONAL NAME
Personal name Герман, М.
9 (RLIN) 20535
245 ## - TITLE STATEMENT
Title Антверпен. Гент. Брюгге :
Remainder of title Города старой Фландрии /
Statement of responsibility, etc. Михаил Герман.
264 ## - PRODUCTION, PUBLICATION, DISTRIBUTION, MANUFACTURE, AND COPYRIGHT NOTICE
Place of production, publication, distribution, manufacture Л.:
Name of producer, publisher, distributor, manufacturer Искусство,
Date of production, publication, distribution, manufacture, or copyright notice 1974.
300 ## - PHYSICAL DESCRIPTION
Extent 184 с.:
Other physical details илл.;
Dimensions 16 см.
440 ## - SERIES STATEMENT/ADDED ENTRY--TITLE
Title Города и музеи мира
9 (RLIN) 20091
653 ## - INDEX TERM--UNCONTROLLED
keyword ანტვერპენი. გენტი. ბრიუგე
653 ## - INDEX TERM--UNCONTROLLED
keyword მსოფლიოს ქალაქები და მუზეუმები
942 ## - ADDED ENTRY ELEMENTS (KOHA)
Source of classification or shelving scheme
Koha item type წიგნი
ეგზემპლარები
Withdrawn status Lost status Source of classification or shelving scheme Damaged status Not for loan Permanent Location Current Location Shelving location Date acquired Cost, normal purchase price Full call number Barcode Date last seen Copy number Uniform Resource Identifier Price effective from Koha item type Public note
          ბათუმის შოთა რუსთაველის სახელმწიფო უნივერსიტეტის მთავარი ბიბლიოთეკა ბათუმის შოთა რუსთაველის სახელმწიფო უნივერსიტეტის მთავარი ბიბლიოთეკა წიგნსაცავი 2023-11-30 5.00 72.03(493) Г-38 65486 2023-11-30 65486 ბსუ-ს საპატიო დოქტორის გურამ ლორთქიფანიძის საჩუქარი 2023-11-30 წიგნი 5 ლ.